Composition MHSC - Asenal (18 septembre 2012 / LDC / score : 1-2) - Statistiques

Statistiques générales
  • Ce quiz a été pris 58 fois
  • Le résultat moyen est 9 sur 24
Statistiques - réponses
# Position Player % Correct
22 BU Olivier Giroud
95%
4 DC Vitorino Hilton
83%
16 G Geoffrey Jourdren
73%
10 MOC Younès Belhanda
73%
20 MG Rémy Cabella
68%
Manager René Girard
53%
19 BU Souleymane Camara
50%
2 DD Garry Bocaly
45%
5 DG Henri Bedimo
45%
3 DC © Mapou Yanga-Mbiwa
43%
4 DC Per Mertesacker
35%
20 MOC Santi Cazorla
33%
13 MDC Marco Estrada
28%
17 MDC Mikel Arteta
25%
23 MDC Jamel Saihi
23%
8 MD Anthony Mounier
20%
18 MDC Abou Diaby
13%
19 MG Lukas Podolski
13%
28 DG Kieran Gibbs
10%
24 G Vito Mannone
10%
5 DC © Thomas Vermaelen
8%
16 DD Carl Jenkinson
5%
21 MD Gervinho
5%
Manager Steve Bould
3%
Aucun quiz correspondant
Distribution des résultats
% des personnes avec chaque résultat
Percentile par nombre de réponses
Votre historique - résultats
Vous n’avez pas pris ce quiz